000 00584nam a2200229Ia 4500
003 OSt
005 20220923225513.0
006 a|||||r|||| 00| 0
007 ta
008 220922b |||||||| |||| 00| 0 hin d
024 _a269,587
037 _cTextual
040 _aARTS
_cARTS
_bhin
041 _2hin
_ahin
082 _aQ31:2128, 152L5
245 0 _aनिरयावलिका सूत्र
246 _aNirayāvalikā sūtra
260 _c1975
300 _a288पृ.
_ccm.
942 _hQ31:2128, 152L5
_cTEXL
_2CC
999 _c378669
_d378669